=LDR 00000nam 2200000 4500 =001 NUTBA000000000002569 =005 20140620102122.0 =006 =007 =008 =020 ##$$a 9789791211427 =035 ##$$a 0010-061400000000512 =040 ##$$a NBPDMAT =082 ##$$a 634.4 =090 ##$$a 634.4 $b Oct b =100 ##$$a Octen Suhadi =245 ##$$a Budidaya jambu mete / $c Octen Suhadi =260 ##$$a Jakarta : $b Azka Press, $c 2004 =300 ##$$a iv, 52 hlm : $b ilus. ; $c 21 cm. =500 ##$$a Bibliografi : hlm. 52 =650 ##$$a Jambu mete =990 ##$$a 21401667